<?xml version="1.0" encoding="UTF-8"?>
<record
    xmlns:xsi="http://www.w3.org/2001/XMLSchema-instance"
    xsi:schemaLocation="http://www.loc.gov/MARC21/slim http://www.loc.gov/standards/marcxml/schema/MARC21slim.xsd"
    xmlns="http://www.loc.gov/MARC21/slim">

  <leader>01570cam a2200433 a 4500</leader>
  <datafield tag="999" ind1=" " ind2=" ">
    <subfield code="c">23932</subfield>
    <subfield code="d">23932</subfield>
  </datafield>
  <controlfield tag="001">vtls001289495</controlfield>
  <controlfield tag="005">20250926100741.0</controlfield>
  <controlfield tag="008">240322s1997    xo a   gr     000 d slo  </controlfield>
  <datafield tag="020" ind1=" " ind2=" ">
    <subfield code="a">8085718367</subfield>
    <subfield code="q">(bro&#x17E;ovan&#xE9;)</subfield>
  </datafield>
  <datafield tag="035" ind1=" " ind2=" ">
    <subfield code="a">SNK000241117</subfield>
  </datafield>
  <datafield tag="040" ind1=" " ind2=" ">
    <subfield code="a">SNK</subfield>
    <subfield code="b">slo</subfield>
    <subfield code="c">SNK</subfield>
    <subfield code="e">AACR2</subfield>
  </datafield>
  <datafield tag="041" ind1="0" ind2=" ">
    <subfield code="a">slo</subfield>
  </datafield>
  <datafield tag="044" ind1=" " ind2=" ">
    <subfield code="a">xo</subfield>
    <subfield code="c">SK</subfield>
  </datafield>
  <datafield tag="072" ind1=" " ind2="7">
    <subfield code="a">821.162.4</subfield>
    <subfield code="x">Slovensk&#xE1; literat&#xFA;ra</subfield>
    <subfield code="2">konspekt</subfield>
  </datafield>
  <datafield tag="072" ind1=" " ind2="7">
    <subfield code="a">821.162.4-2</subfield>
    <subfield code="x">Slovensk&#xE1; dr&#xE1;ma</subfield>
    <subfield code="2">konspekt</subfield>
  </datafield>
  <datafield tag="080" ind1=" " ind2=" ">
    <subfield code="a">821.162.4-2</subfield>
    <subfield code="2">2011</subfield>
  </datafield>
  <datafield tag="080" ind1=" " ind2=" ">
    <subfield code="a">(0:82-2)</subfield>
    <subfield code="2">2011</subfield>
  </datafield>
  <datafield tag="080" ind1=" " ind2=" ">
    <subfield code="a">(082.21)</subfield>
    <subfield code="2">2011</subfield>
  </datafield>
  <datafield tag="245" ind1="0" ind2="0">
    <subfield code="a">Slovensk&#xE1; dr&#xE1;ma 1996</subfield>
    <subfield code="b">[zborn&#xED;k divadeln&#xFD;ch hier]</subfield>
    <subfield code="c">[zostavil a redak&#x10D;ne pripravil Andrej Ma&#x165;a&#x161;&#xED;k]</subfield>
  </datafield>
  <datafield tag="260" ind1=" " ind2=" ">
    <subfield code="a">Bratislava</subfield>
    <subfield code="b">T&#xE1;lia-press</subfield>
    <subfield code="c">1997</subfield>
  </datafield>
  <datafield tag="300" ind1=" " ind2=" ">
    <subfield code="a">191 s.</subfield>
    <subfield code="c">21 cm</subfield>
  </datafield>
  <datafield tag="500" ind1=" " ind2=" ">
    <subfield code="a">&#xDA;daj o zostavovate&#x13E;ovi prevzat&#xFD; z frontispice</subfield>
  </datafield>
  <datafield tag="500" ind1=" " ind2=" ">
    <subfield code="a">Obsahuje 5 divadeln&#xFD;ch hier</subfield>
  </datafield>
  <datafield tag="655" ind1=" " ind2="7">
    <subfield code="a">Theatre plays</subfield>
    <subfield code="2">SNKPHeng</subfield>
    <subfield code="9">2011</subfield>
  </datafield>
  <datafield tag="655" ind1=" " ind2="7">
    <subfield code="a">Selections</subfield>
    <subfield code="2">SNKPHeng</subfield>
    <subfield code="9">2005</subfield>
  </datafield>
  <datafield tag="655" ind1=" " ind2="7">
    <subfield code="a">slovensk&#xE9; dr&#xE1;my</subfield>
    <subfield code="2">SNKPH</subfield>
    <subfield code="9">4842</subfield>
  </datafield>
  <datafield tag="655" ind1=" " ind2="7">
    <subfield code="a">divadeln&#xE9; hry</subfield>
    <subfield code="2">SNKPH</subfield>
    <subfield code="9">2008</subfield>
  </datafield>
  <datafield tag="655" ind1=" " ind2="7">
    <subfield code="a">v&#xFD;bery</subfield>
    <subfield code="2">SNKPH</subfield>
    <subfield code="9">2003</subfield>
  </datafield>
  <datafield tag="655" ind1=" " ind2="7">
    <subfield code="a">Slovak drama</subfield>
    <subfield code="2">SNKPHeng</subfield>
    <subfield code="9">4843</subfield>
  </datafield>
  <datafield tag="700" ind1="1" ind2=" ">
    <subfield code="a">Ma&#x165;a&#x161;&#xED;k, Andrej,</subfield>
    <subfield code="d">1953-2017</subfield>
    <subfield code="4">com</subfield>
    <subfield code="9">4844</subfield>
  </datafield>
  <datafield tag="700" ind1="1" ind2="2">
    <subfield code="a">Holub, Ivan,</subfield>
    <subfield code="d">1964-</subfield>
    <subfield code="t">Pohreb</subfield>
    <subfield code="4">aut</subfield>
    <subfield code="9">4845</subfield>
  </datafield>
  <datafield tag="700" ind1="1" ind2="2">
    <subfield code="a">Scherhaufer, Peter,</subfield>
    <subfield code="d">1942-1999</subfield>
    <subfield code="t">Kde le&#x17E;&#xED; na&#x161;a bieda?</subfield>
    <subfield code="4">aut</subfield>
    <subfield code="9">4846</subfield>
  </datafield>
  <datafield tag="700" ind1="1" ind2="2">
    <subfield code="a">&#x10C;i&#x10D;v&#xE1;k, Martin,</subfield>
    <subfield code="d">1975-</subfield>
    <subfield code="t">Dom, kde sa to rob&#xED; dobre</subfield>
    <subfield code="4">aut</subfield>
    <subfield code="9">4847</subfield>
  </datafield>
  <datafield tag="700" ind1="1" ind2="2">
    <subfield code="a">O&#x13E;ha, Mat&#xFA;&#x161;,</subfield>
    <subfield code="d">1959-</subfield>
    <subfield code="t">Neprebuden&#xFD;</subfield>
    <subfield code="4">aut</subfield>
    <subfield code="9">4848</subfield>
  </datafield>
  <datafield tag="700" ind1="1" ind2="2">
    <subfield code="a">Kuku&#x10D;&#xED;n, Martin,</subfield>
    <subfield code="d">1860-1928</subfield>
    <subfield code="t">Neprebuden&#xFD;</subfield>
    <subfield code="4">aut</subfield>
    <subfield code="9">4849</subfield>
  </datafield>
  <datafield tag="958" ind1=" " ind2=" ">
    <subfield code="a">EUIPO</subfield>
  </datafield>
  <datafield tag="958" ind1=" " ind2=" ">
    <subfield code="a">OND</subfield>
  </datafield>
  <datafield tag="958" ind1=" " ind2=" ">
    <subfield code="a">LX</subfield>
  </datafield>
  <datafield tag="952" ind1=" " ind2=" ">
    <subfield code="0">0</subfield>
    <subfield code="1">0</subfield>
    <subfield code="2">udc</subfield>
    <subfield code="4">0</subfield>
    <subfield code="7">0</subfield>
    <subfield code="8">D</subfield>
    <subfield code="a">10000</subfield>
    <subfield code="b">10000</subfield>
    <subfield code="d">2025-09-26</subfield>
    <subfield code="i">22288</subfield>
    <subfield code="o">S1586</subfield>
    <subfield code="p">S1586</subfield>
    <subfield code="r">2025-09-26</subfield>
    <subfield code="w">2025-09-26</subfield>
    <subfield code="y">OLDO</subfield>
  </datafield>
</record>
